| 000 | 00906nam2a2200205 4500 | ||
|---|---|---|---|
| 001 | RU\NLR\PER_A\003155414_001130 | ||
| 005 | 20250624164239.0 | ||
| 035 | _a(NLR Aleph) 012806618 | ||
| 090 |
_a13199765 _c13199765 |
||
| 100 | _a20220601d2022 |||y0rusy50 ca | ||
| 101 | 0 | _arus | |
| 102 | _aRU | ||
| 200 | 0 | _a2022, № 1 (с указ. за 2021) | |
| 210 |
_d2022 _aБ. м. |
||
| 461 | 0 |
_1001RU\NLR\INFOCOMM4\1000555662 _12001#$aМедицина катастроф$fСпециализ. науч.-практ. центр экстр. мед. помощи "Защита"$v2022, № 1 (с указ. за 2021) _93046935 _cМ. _d1992- _fСпециализ. науч.-практ. центр экстр. мед. помощи "Защита" _tМедицина катастроф _x2070-1004 _v2022, № 1 (с указ. за 2021) |
|
| 852 |
_aNLR _jП16/1685 |
||
| 942 | _cISSUE | ||
| 980 | _aNB | ||
| 980 | _aRUSPER | ||